000 00300nam a2200121Ia 4500
008 240731s9999 xx 000 0 und d
022 _a2832-4765
245 0 _aCogent Mental Health
260 _bTaylor & Francis
856 _uhttps://www.tandfonline.com/loi/oamh20
942 _2ddc
942 _cTFEJ
999 _c75944
_d75944
945 _a1
_bMadushi Gamage
_c1
_dMadushi Gamage